000 00318 a2200121 4500
000 nam a22 7a 4500
005 20260207150456.0
020 _a9789392989544
100 _aDevnarayan Sharma
_91114367
245 _aSampoorn Yagya evam Pujanvidhi
260 _bShrikashi Vishvnath Sansthan
_c2025
942 _cTEXL
999 _c1678911
_d1678911